Work psychology : an introduction to human behaviour in the workplace

Bibliographic Details
Other Authors: Hetherington, Angela, Matthewman, Lisa, Rose, Amanda
Format: Book
Language:English
Published: New York : Oxford University Press , 2009
Subjects:

MARC

LEADER 00000cam a2200000 7i4500
001 0000025922
005 20241115.0
008 18052015 nyua eng
020 |a 9780199227518 
040 |a INS 
090 0 0 |a HF5548.8   |b W65 2009 
245 1 0 |a Work psychology :   |b an introduction to human behaviour in the workplace   |c edited Lisa Matthewman, Amanda Rose and Angela Hetherington 
260 |a New York :   |b Oxford University Press ,   |c 2009 
300 |a xxxii,388p. :   |b ill ;   |c 26cm. 
500 |a Includes index 
650 0 |a Personnel management 
650 0 |a Work environment   |x Psychological aspects 
700 1 |a Hetherington, Angela 
700 1 |a Matthewman, Lisa 
700 1 |a Rose, Amanda 
999 |a 1000002175   |b BOOK   |c Open Shelf   |e Default branch